Le conchiglie del Torsèro e I turchi al Ceriale / (Record no. 158531)

MARC details
000 -LEADER
campo de control de longitud fija 00558nam a22001575i 4500
001 - NÚMERO DE CONTROL
campo de control 158531
003 - IDENTIFICADOR DE NÚMERO DE CONTROL
campo de control ES-MaACL
005 - FECHA Y HORA DE LA ÚLTIMA TRANSACCIÓN
campo de control 20230906211202.0
008 - DATOS DE LONGITUD FIJA--INFORMACIÓN GENERAL
campo de control de longitud fija 040831s1890 it |||| | ita d
040 ## - FUENTE DE CATALOGACIÓN
Centro catalogador/agencia de origen CAM
Lengua de catalogación spa
Centro/agencia transcriptor CAM
100 1# - ENTRADA PRINCIPAL--NOMBRE DE PERSONA
Nombre de persona Maineri, B.E.
9 (RLIN) 129365
245 13 - MENCIÓN DEL TÍTULO
Título Le conchiglie del Torsèro e I turchi al Ceriale /
Mención de responsabilidad, etc. B.E. Maineri.
260 ## - PUBLICACIÓN, DISTRIBUCIÓN, ETC.
Lugar de publicación, distribución, etc. Roma :
Nombre del editor, distribuidor, etc. [s.n.],
Fecha de publicación, distribución, etc. 1890 (
Fabricante Stabilimento tipografico G. Civelli)
300 ## - DESCRIPCIÓN FÍSICA
Extensión 177 p. ;
Dimensiones 24 cm.
852 ## - LOCALIZACIÓN
Ubicación ES-MaACL
Número de control de estantería T-698-F-6
Nota libre -- Enc. hol.
condición física -- Falto de la cub. original
Nota libre -- Enc. en un vol. facticio
Holdings
Estatus retirado Estado de pérdida Estado de daño No para préstamo Colección Biblioteca de origen Biblioteca actual Ubicación en estantería Fecha de adquisición Total de préstamos Signatura topográfica completa Código de barras Visto por última vez Precio de reemplazo Tipo de ítem Koha
        Colección de folletos Biblioteca del Ateneo de Madrid Biblioteca del Ateneo de Madrid Depósito folletos 17/01/2008   T-698-F-6 1165929 23/02/2023 23/02/2023 Folleto